Frigoconservación y Manejo de Frutas, Flores y Hortalizas /

Guardado en:
Detalles Bibliográficos
Autor principal: Molinas Ferrer, M. (autor)
Formato: Libro
Idioma:Español
Publicado: Barcelona, España : Aedos, 1970
Temas:
Etiquetas: Agrega una etiqueta
Sin etiquetas, Sé el primero en etiquetar este registro!

MARC

LEADER 00000nam^a2200000^a^4500
001 000015020
005 20250521000000.0
009 20260310084003.914
037 |a Acervo ITESO - Biblioteca 
041 |a ESP 
082 |a 641. 452  |b MOL 
100 |a Molinas Ferrer, M.  |e (autor) 
245 1 0 |a Frigoconservación y Manejo de Frutas, Flores y Hortalizas /  |c M. Molinas Ferrer 
264 1 |a Barcelona, España :  |b Aedos,  |c 1970 
300 |a 274 p. 
336 |a texto  |b txt  |2 rdacontenido 
337 |a sin mediación  |b n  |2 rdamedio 
338 |a volumen  |b nc  |2 rdasoporte 
649 |a XX 
650 |a Alimentos y Bebidas -  |x Conservación 
650 |a Floricultura 
910 |a Fondo General 
920 |a Impresos - Libros 
930 |a Colección General 
905 |a 101 
901 |a 0150200100  |b IT1  |c ACC  |i 015020  |u 20250521 
902 |a https://opac.biblio.iteso.mx/vufind/Record/000015020